000 01424cam a22003737a 4500
003 CHAP
005 20220329142655.0
008 020919d2002 mx abd r 00110 spa d
010 _a86346
011 _a87318
035 _a97861
040 _cCHAP
090 _aTesis
100 0 0 _aGonzález Gaytán, Areli.
_948949
245 1 0 _aProducción y comercialización de setas (Pleurotus ostreatus) para PYMES
_c/por Areli González Gaytán y Susana Vite Aranda
260 _aChapingo, Méx. :
_bEl autor,
_c2002
300 _a86 h. :
_bilus. ; gráfs. ; mapa ; cuadros ; diagrama
502 _aTesis (Lic. en Comercio Internacional de Productos Agropecuarios) -- UACH. División de Ciencias Económico Aministrativas
590 _aALEPH
_b10
_c20130110
_lUCH01
_h1449
590 _aBATCH-UPD
_b10
_c20130110
_lUCH01
_h0741
590 _aBATCH-UPD
_b10
_c20130110
_lUCH01
_h2357
590 _aBATCH-UPD
_b10
_c20130410
_lUCH01
_h0423
590 _aBATCH-UPD
_b10
_c20130914
_lUCH01
_h1547
590 _aCONVERSION
_b10
_c20130109
_lUCH01
_h1348
650 1 4 _aHongos.
_956084
650 1 4 _aPleurotus ostreatus.
_989176
650 1 4 _aSetas
_xRendimiento.
_9105381
700 0 _aVite Aranda, Susana.
_9120031
901 _aBK
905 _aMarco A. Mendoza T.
942 _cFOLL
949 _aTesis
_bBC
_cTES
_d33724000870465
_eTS2
_fc.2
_gDonaciØn
_h40030
_i97861
_si
949 _aTesis
_bBC
_cTES
_d978611
_eTS1
_gDonaciØn
_h40029
_i97861
_sb
999 _c86346
_d86346